| 000 | 00563nam a2200121Ia 4500 | ||
|---|---|---|---|
| 008 | 220216s9999 xx 000 0 und d | ||
| 100 | _aKrishnankutty P.N. | ||
| 245 | 2 | _aA study of intercrops in smallholdings in India | |
| 260 |
_bIn: Progress and development of rubber smallholders: Proceedings of the Third Seminar, 24-30 November 1977, Cochin, India. (Eds. Sumardi Reksopoetranto and G.S. Tan). Association of Natural Rubber Producing Countries, Kuala Lumpur, Malaysia, pp. 191-195. _c1979 |
||
| 650 | _aIntercropping | ||
| 650 | _aSmallholdings | ||
| 942 | _cBS | ||
| 999 |
_c49840 _d49840 |
||